Countries Fractured #2 - Statistics

General Stats
  • This quiz has been taken 531 times
    521 since last reset
  • The average score is 14 of 15
Answer Stats
Fractured Country Answer % Correct
You crane Ukraine
100%
Cube are Cuba
99%
Germ man knee Germany
99%
Jam make ear Jamaica
99%
Tile and Thailand
99%
Chilly Chile
98%
Cost her reek are Costa Rica
98%
Knee Paul Nepal
98%
Domino car Dominica
97%
You're a guy Uruguay
94%
Louse Laos
93%
Berk in a farce oh Burkina Faso
88%
Sea hare ally own Sierra Leone
85%
Pal how Palau
83%
Moreish us Mauritius
81%
No matching quizzes found
Score Distribution
Percent of People with Each Score
Percentile by Number Answered
Your Score History
You have not taken this quiz since the last reset